| 000 | 00354nam a22001577a 4500 | ||
|---|---|---|---|
| 003 | OSt | ||
| 008 | 250906b |||||||| |||| 00| 0 eng d | ||
| 020 | _a9789357026956 | ||
| 082 | _a364 SIU | ||
| 100 | _aSINGH,Prakash | ||
| 245 | _aUnforgettable Chapters | ||
| 250 | _a1st IMP | ||
| 260 |
_aNew Delhi _bRupa _c2024 |
||
| 300 | _a194 | ||
| 942 |
_2ddc _cREF |
||
| 999 |
_c13722 _d13722 |
||